Polskie kluby piłkarskie w III lidze, gr.1 - Statystyki

Ogólne statystyki
  • Ten quiz został rozwiązany 62 razy
  • Średni wynik to 10 z 15
Statystyki odpowiedzi
wskazówka odpowiedź % Poprawnych
Legia II Warszawa
100%
Polonia Warszawa
100%
Ursus Warszawa
100%
Legionovia Legionowo
88%
Pelikan Łowicz
77%
Broń Radom
75%
Świt Nowy Dwór Mazowiecki
72%
Huragan Morąg
62%
Sokół Ostróda
60%
RKS Lechia Tomaszów Mazowiecki
57%
Unia Skierniewice
50%
Sokół Aleksandrów Łódzki
45%
Olimpia Zambrów
42%
Znicz Biała Piska
37%
Ruch Wysokie Mazowieckie
35%
Nie znaleziono quizów pasujących do podanych kryteriów
Rozkład punktacji
Procent ludzi z każdym wynikiem
Percentyl według liczby udzielonych odpowiedzi
Twoja historia wyników
Nie rozwiązałeś tego quizu